000 00395nam a22001457a 4500
005 20200614143807.0
008 200614b xxu||||| |||| 00| 0 eng d
082 _a345.4 AIR
110 _aALL INDIA REPORTER
_96113
245 _aALL INDIA REPORTER [1969] [VOL-56] DELHI SECTION
260 _aMUMBAI
_bALL INDIA REPORTER , PVT. LTD.
300 _a320;p
650 _aLAW
_95701
942 _cJRL
999 _c7165
_d7163